Manual de terapéutica de las enfermedades de los ojos / (Record no. 21156)

MARC details
000 -LEADER
campo de control de longitud fija 00624nam a2200193 i 4500
001 - NÚMERO DE CONTROL
campo de control 21156
003 - IDENTIFICADOR DE NÚMERO DE CONTROL
campo de control ES-MaACL
005 - FECHA Y HORA DE LA ÚLTIMA TRANSACCIÓN
campo de control 20230906152430.0
007 - CAMPO FIJO DE DESCRIPCIÓN FÍSICA--INFORMACIÓN GENERAL
campo de control de longitud fija t|
008 - DATOS DE LONGITUD FIJA--INFORMACIÓN GENERAL
campo de control de longitud fija 021121s1910 sp ||||1| spa d
100 1# - ENTRADA PRINCIPAL--NOMBRE DE PERSONA
Nombre de persona Adam, Curt.
9 (RLIN) 18357
245 10 - MENCIÓN DEL TÍTULO
Título Manual de terapéutica de las enfermedades de los ojos /
Mención de responsabilidad, etc. por Curt Adam ; con un prólogo de von Michel ; edición española por M. Gradaille.
260 ## - PUBLICACIÓN, DISTRIBUCIÓN, ETC.
Lugar de publicación, distribución, etc. La Coruña :
Nombre del editor, distribuidor, etc. El Noroeste,
Fecha de publicación, distribución, etc. 1910.
300 ## - DESCRIPCIÓN FÍSICA
Extensión 256 p. ;
Dimensiones 19 cm.
650 #4 - PUNTO DE ACCESO ADICIONAL DE MATERIA--TÉRMINO DE MATERIA
Término de materia o nombre geográfico como elemento de entrada Ojos-
Subdivisión general Enfermedades.
9 (RLIN) 139434
700 1# - ENTRADA AGREGADA--NOMBRE PERSONAL
Nombre de persona Michel, von.
9 (RLIN) 80906
700 1# - ENTRADA AGREGADA--NOMBRE PERSONAL
Nombre de persona Gradaille, M.
9 (RLIN) 59490
852 ## - LOCALIZACIÓN
Ubicación ES-MaACL
Número de control de estantería F-11422
Holdings
Estatus retirado Estado de pérdida Estado de daño No para préstamo Biblioteca de origen Biblioteca actual Ubicación en estantería Fecha de adquisición Fuente de adquisición Total de préstamos Signatura topográfica completa Código de barras Visto por última vez Precio de reemplazo Tipo de ítem Koha
        Biblioteca del Ateneo de Madrid Biblioteca del Ateneo de Madrid Sala Pecera Planta 2 17/01/2008     F-11422 1021731 23/02/2023 23/02/2023 Libro impreso